100-ročné fialové pokušenie

V roku 2001 oslavuje sté výročie značka Milka, jedna z najznámejších v Európe. Legenda uvedenia tejto značky na trh. Postavenie značky Milka na trhu. Výrobcovia čokolády podľa objemov reklamy.

Gespeichert in:
Bibliographische Detailangaben
1. Verfasser: Brisudová, Jana
Format: Buchkapitel
Sprache:Slowakisch
Schlagworte:
Tags: Tag hinzufügen
Keine Tags, Fügen Sie das erste Tag hinzu!

MARC

LEADER 00000naa a2200000 4500
001 r042872
005 20231003075345.2
041 0 |a slo 
044 |a SK 
245 1 0 |a 100-ročné fialové pokušenie  |c Jana Brisudová 
520 |a V roku 2001 oslavuje sté výročie značka Milka, jedna z najznámejších v Európe. Legenda uvedenia tejto značky na trh. Postavenie značky Milka na trhu. Výrobcovia čokolády podľa objemov reklamy. 
610 2 0 |a čokoláda 
610 2 0 |a Milka 
610 2 0 |a značky výrobné 
610 2 0 |a 1901-2001 
610 2 0 |a Švajčiarsko 
610 2 0 |a Suchard, P. 
100 1 |a Brisudová, Jana